000 00362nam a2200133Ia 4500
005 20260328101442.0
008 260328s9999||||xx |||||||||||||| ||und||
100 _aRobertson, Howard
245 0 _aPrincipios de la composición Arquitectónica /
_cHoward Robertson
260 _bVictor Leru
300 _a187 p.
650 _aARQUITECTURA - ELEMENTOS
942 _cBK
999 _c8305
_d8305